| 000 | 00437nam a22001577a 4500 | ||
|---|---|---|---|
| 005 | 20251108171823.0 | ||
| 008 | 250721s1980 xx 000 0 ara d | ||
| 082 | 1 | 4 | _a411.7/هاش |
| 100 | 1 | _aالخطاط، هاشم محمد | |
| 245 | 1 | 0 | _aقواعد الخط العربي / |
| 264 | 1 |
_aبغداد : _bمكتبة النهضة، _c1980. |
|
| 300 | _a120ص | ||
| 650 | 1 | 7 | _aالخط العربي |
| 942 |
_2ddc _cBK |
||
| 999 |
_c63441 _d63441 |
||